Fluid Mechanics /

Salvato in:
Dettagli Bibliografici
Autore principale: Kundu, Pijush K. (autor)
Altri autori: Cohen, Ira M. (autor) (autor), Dowling, David R. (autor) (autor), Tryggvason, Grétar (colaboración) (colaboración)
Natura: Libro
Lingua:inglese
Pubblicazione: Amsterdam, Holanda : Academic Press : Elsevier, 2016, c2016
Edizione:6a edición
Soggetti:
Tags: Aggiungi Tag
Nessun Tag, puoi essere il primo ad aggiungerne!!

MARC

LEADER 00000nam^a2200000^a^4500
001 000355597
005 20250521000000.0
009 20260310115208.174
020 |a 978-0-12-405935-1 
037 |a Acervo ITESO - Biblioteca 
041 |a ING 
082 |a 532.  |b KUN 
100 |a Kundu, Pijush K.  |e (autor) 
245 1 0 |a Fluid Mechanics /  |c P.K. Kundu, I.M. Cohen, D.R. Dowling ; colaboración de G. Tryggvason. 
250 |a 6a edición 
264 4 |a Amsterdam, Holanda :  |b Academic Press :  |b Elsevier,  |c 2016, c2016 
300 |a XXIV, 921 p. 
336 |a texto  |b txt  |2 rdacontenido 
337 |a sin mediación  |b n  |2 rdamedio 
338 |a volumen  |b nc  |2 rdasoporte 
521 |a 2015 BO Licenciatura en Ingeniería Civil 
649 |a XX 
650 |a Dinámica de Fluidos 
650 |a Mecánica de Fluidos -  |x Tema Principal 
650 |a Fluidos 
650 |a Física 
700 |a Cohen, Ira M.  |e (autor) 
700 |a Dowling, David R.  |e (autor) 
700 |a Tryggvason, Grétar  |e (colaboración) 
910 |a Fondo General 
920 |a Impresos - Libros 
930 |a Colección General 
905 |a 101 
901 |a 0500248100  |b IT1  |c ACC  |i C147019  |u 20250521 
901 |a 0500248109  |b IT1  |c ACC  |i C147020  |u 20250521 
902 |a https://opac.biblio.iteso.mx/vufind/Record/000355597